000 01007namaa22003011i 4500
003 EG-GICUC
005 20251113121522.0
008 251110s2001 le ||||jr|||| 000 0 ara d
020 _a9953416117
040 _aEG-GiCUC
_bara
_cEG-GiCUC
_dEG-GiCUC
_erda
082 0 4 _221
_a416
_bH126
092 0 4 _221
_a416
_bH126
099 _a416 H126
100 1 _aحداد، غريغوار
_eمؤلف.
245 1 _aعلم العروض :
_bتفعيلات جديدة /
_cغريغوار حداد
250 _aالطبعة الاولى
264 _a[لبنان] :
_bمختارات،
_c2001
300 _a؛ 110 صفحة
_c21 سم
336 _2rdacontent
_atext
337 _2rdamedia
_aUnmediated
338 _2rdacarrier
_avolume
541 _aد. جابر عصفور ؛
_bالقاهرة ؛
_cإهداء ؛
_d2024.
650 1 7 _aاللغة العربية
_xالعروض والقوافى
_2qrmak
650 1 7 _aالاوزان الشعرية
_2qrmak
651 1 _2qrmak
905 _aHuda
942 _2ddc
_cBK
_e21
_n0
999 _c175708
_d175708